[Event "DEN-chT 0607"]
[Site "Denmark"]
[Date "2006.11.26"]
[Round "3.7"]
[White "Hansen, Bjarne"]
[Black "Hjorth, Torben"]
[Result "0-1"]
[WhiteElo "2241"]
[BlackElo "2158"]
[PlyCount "46"]
[EventDate "2006.11.04"]
[EventType "team"]
[EventRounds "9"]
[EventCountry "DEN"]
[Source "ChessBase"]
[SourceDate "2007.02.01"]
[WhiteTeam "SK 1968"]
[BlackTeam "Aalborg"]
[WhiteTeamCountry "DEN"]
[BlackTeamCountry "DEN"]

1. d4 Nf6 2. Bg5 Ne4 3. Bf4 c5 4. f3 Nf6 5. dxc5 Qa5+ 6. Qd2 Qxc5 7. Nc3 Nc6 8.
e4 d6 9. O-O-O a6 10. g4 Be6 11. Nge2 g6 12. g5 Nh5 13. Be3 Qa5 14. a3 Bg7 15.
f4 Rc8 16. Bg2 b5 17. Bf3 b4 18. Nb1 bxa3 19. Nxa3 Bxb2+ 20. Kb1 Qxa3 21. c3
Qa2+ 22. Kc2 Qb3+ 23. Kb1 Bxc3+ 0-1

[Event "DEN-chT 0607"]
[Site "Denmark"]
[Date "2006.11.26"]
[Round "3.8"]
[White "Andersen, Soren"]
[Black "Alkaersig, Ole"]
[Result "1/2-1/2"]
[WhiteElo "2017"]
[BlackElo "2194"]
[PlyCount "45"]
[EventDate "2006.11.04"]
[EventType "team"]
[EventRounds "9"]
[EventCountry "DEN"]
[Source "ChessBase"]
[SourceDate "2007.02.01"]
[WhiteTeam "Aalborg"]
[BlackTeam "SK 1968"]
[WhiteTeamCountry "DEN"]
[BlackTeamCountry "DEN"]

1. d4 d5 2. c4 e6 3. Nc3 c5 4. cxd5 exd5 5. Nf3 Nc6 6. g3 Nf6 7. Bg2 Be7 8. O-O
O-O 9. Be3 cxd4 10. Nxd4 Re8 11. Rc1 Bg4 12. h3 Be6 13. Nxc6 bxc6 14. Na4 Qd7
15. Kh2 Ne4 16. Bxe4 dxe4 17. Qxd7 Bxd7 18. Rfd1 Be6 19. Rxc6 Bxa2 20. Nc3 Bb3
21. Rd7 a5 22. Rb6 Bb4 23. Nd5 1/2-1/2

[Event "DEN-chT 0607"]
[Site "Denmark"]
[Date "2007.01.13"]
[Round "4.1"]
[White "Nielsen, Peter Heine"]
[Black "Matthiesen, Martin"]
[Result "1-0"]
[WhiteElo "2655"]
[BlackElo "2342"]
[PlyCount "53"]
[EventDate "2006.11.04"]
[EventType "team"]
[EventRounds "9"]
[EventCountry "DEN"]
[Source "ChessBase"]
[SourceDate "2007.02.01"]
[WhiteTeam "Helsinge"]
[BlackTeam "SK 1968"]
[WhiteTeamCountry "DEN"]
[BlackTeamCountry "DEN"]

1. Nf3 Nf6 2. c4 c5 3. g3 b6 4. Bg2 Bb7 5. O-O g6 6. Nc3 Bg7 7. d4 cxd4 8. Qxd4
d6 9. Rd1 Nbd7 10. Be3 Rc8 11. Rac1 O-O 12. Qh4 a6 13. b3 Re8 14. Bh3 Rc7 15.
g4 Qa8 16. g5 Ne4 17. Nxe4 Bxe4 18. Nd2 Bf5 19. Bxf5 gxf5 20. Qf4 e6 21. Qxd6
Rc6 22. Qg3 e5 23. Qh3 f4 24. Qxd7 fxe3 25. Ne4 Rg6 26. f3 h6 27. h4 1-0

[Event "DEN-chT 0607"]
[Site "Denmark"]
[Date "2007.01.13"]
[Round "4.2"]
[White "Matthiesen, Arne"]
[Black "Hutters, Tomas"]
[Result "1/2-1/2"]
[WhiteElo "2338"]
[BlackElo "2426"]
[PlyCount "84"]
[EventDate "2006.11.04"]
[EventType "team"]
[EventRounds "9"]
[EventCountry "DEN"]
[Source "ChessBase"]
[SourceDate "2007.02.01"]
[WhiteTeam "SK 1968"]
[BlackTeam "Helsinge"]
[WhiteTeamCountry "DEN"]
[BlackTeamCountry "DEN"]

1. d4 g6 2. e4 Bg7 3. Nf3 d6 4. Be2 Nf6 5. Nc3 O-O 6. O-O e6 7. Be3 Nc6 8. Qd2
a6 9. a4 b6 10. Bg5 Qe8 11. Rfe1 Bb7 12. Rad1 e5 13. Bxf6 Bxf6 14. Nd5 Bd8 15.
c3 exd4 16. cxd4 Qxe4 17. Bxa6 Qxd5 18. Bxb7 Ra7 19. Bxc6 Qxc6 20. b3 Qd5 21.
Re3 b5 22. axb5 Qxb5 23. h3 Ra3 24. Qd3 Qb6 25. Qc4 Bf6 26. Rc1 Ra7 27. Qd5 Rb8
28. h4 Ra5 29. Qe4 Qb7 30. Qg4 Rf5 31. Qe4 Rd5 32. Rxc7 Qxc7 33. Qxd5 h5 34. g3
Kg7 35. Kg2 Rb4 36. Re8 Qd7 37. Re4 Rb5 38. Qa8 Rxb3 39. Re8 Qb7 40. Rg8+ Kh7
41. Qxb7 Rxb7 42. Rc8 Kg7 1/2-1/2

[Event "DEN-chT 0607"]
[Site "Denmark"]
[Date "2007.01.13"]
[Round "4.3"]
[White "Fries Nielsen, Niels Jorgen"]
[Black "Sobjerg, Erik"]
[Result "1/2-1/2"]
[WhiteElo "2406"]
[BlackElo "2315"]
[PlyCount "57"]
[EventDate "2006.11.04"]
[EventType "team"]
[EventRounds "9"]
[EventCountry "DEN"]
[Source "ChessBase"]
[SourceDate "2007.02.01"]
[WhiteTeam "Helsinge"]
[BlackTeam "SK 1968"]
[WhiteTeamCountry "DEN"]
[BlackTeamCountry "DEN"]

1. Nf3 Nc6 2. c4 e5 3. Nc3 Nf6 4. g3 Bc5 5. Bg2 d6 6. O-O O-O 7. d3 a6 8. a3 h6
9. b4 Ba7 10. Rb1 Rb8 11. a4 Nd4 12. Nxd4 Bxd4 13. Qc2 Be6 14. Nd1 Ba7 15. Be3
Bxe3 16. Nxe3 Ng4 17. Nxg4 Bxg4 18. Rfd1 f5 19. d4 e4 20. f3 exf3 21. exf3 Bh5
22. Re1 Qf6 23. Qd2 f4 24. Re4 fxg3 25. hxg3 Bg6 26. Rf4 Qe6 27. d5 Qd7 28.
Rxf8+ Rxf8 29. Ra1 1/2-1/2

[Event "DEN-chT 0607"]
[Site "Denmark"]
[Date "2007.01.13"]
[Round "4.4"]
[White "Bank, Pelle Rodkjaer"]
[Black "Bekker Jensen, Simon"]
[Result "1-0"]
[WhiteElo "2260"]
[BlackElo "2372"]
[PlyCount "49"]
[EventDate "2006.11.04"]
[EventType "team"]
[EventRounds "9"]
[EventCountry "DEN"]
[Source "ChessBase"]
[SourceDate "2007.02.01"]
[WhiteTeam "SK 1968"]
[BlackTeam "Helsinge"]
[WhiteTeamCountry "DEN"]
[BlackTeamCountry "DEN"]

1. d4 Nf6 2. Bg5 Ne4 3. Bf4 c5 4. f3 Qa5+ 5. c3 Nf6 6. d5 Qb6 7. e4 Qxb2 8. Nd2
Qxc3 9. Bc7 Qe3+ 10. Ne2 Qh6 11. Bf4 g5 12. Be3 Qg7 13. Bxc5 d6 14. Bd4 e5 15.
Rc1 Bd7 16. Be3 Na6 17. Ng3 Nc5 18. Bxc5 dxc5 19. Qb3 b6 20. Bb5 Bxb5 21. Qxb5+
Nd7 22. Nf5 Qf6 23. Nc4 Be7 24. d6 Bf8 25. Nce3 1-0

[Event "DEN-chT 0607"]
[Site "Denmark"]
[Date "2007.01.13"]
[Round "4.5"]
[White "Ziska, Helgi Dam"]
[Black "Hansen, Lars"]
[Result "1-0"]
[WhiteElo "2364"]
[BlackElo "2217"]
[PlyCount "65"]
[EventDate "2006.11.04"]
[EventType "team"]
[EventRounds "9"]
[EventCountry "DEN"]
[Source "ChessBase"]
[SourceDate "2007.02.01"]
[WhiteTeam "Helsinge"]
[BlackTeam "SK 1968"]
[WhiteTeamCountry "DEN"]
[BlackTeamCountry "DEN"]

1. e4 g6 2. d4 Bg7 3. Nc3 c6 4. Be3 d5 5. f3 dxe4 6. fxe4 e5 7. d5 Nf6 8. h3
O-O 9. Qd2 Qa5 10. g4 cxd5 11. exd5 Rd8 12. Bc4 Nbd7 13. g5 Ne8 14. Nge2 e4 15.
Nxe4 Qc7 16. Bb3 Ne5 17. O-O-O Nc4 18. Bxc4 Qxc4 19. N4c3 Be6 20. Qd3 Qb4 21.
a3 Qa5 22. Qc4 Bf5 23. Qc5 Qa6 24. Qb5 Qxb5 25. Nxb5 Be4 26. Rhe1 a6 27. Nbc3
Bf3 28. Rd3 Bg2 29. Bb6 Rd6 30. Bc5 Rd7 31. Rg1 Rc8 32. Bb4 a5 33. Bxa5 1-0

[Event "DEN-chT 0607"]
[Site "Denmark"]
[Date "2007.01.13"]
[Round "4.6"]
[White "Hansen, Bjarne"]
[Black "Lauridsen, Jesper Morch"]
[Result "1/2-1/2"]
[WhiteElo "2241"]
[BlackElo "2272"]
[PlyCount "83"]
[EventDate "2006.11.04"]
[EventType "team"]
[EventRounds "9"]
[EventCountry "DEN"]
[Source "ChessBase"]
[SourceDate "2007.02.01"]
[WhiteTeam "SK 1968"]
[BlackTeam "Helsinge"]
[WhiteTeamCountry "DEN"]
[BlackTeamCountry "DEN"]

1. b3 e5 2. Bb2 Nc6 3. e3 Nf6 4. Bb5 d6 5. c4 Be7 6. d3 O-O 7. Bxc6 bxc6 8. Qc2
c5 9. Ne2 Bb7 10. O-O Qd7 11. Nbc3 Nh5 12. Nd5 f5 13. Rae1 Rae8 14. f4 Bh4 15.
g3 Bd8 16. fxe5 dxe5 17. Ba3 Be7 18. Nec3 Bd6 19. Na4 f4 20. Nxc5 Qg4 21. Nxb7
Bxa3 22. exf4 exf4 23. Rxe8 Rxe8 24. Qf2 Bc1 25. Qf3 Qxf3 26. Rxf3 fxg3 27.
hxg3 c6 28. Nc3 Nf6 29. Nd6 Re1+ 30. Kf2 Bd2 31. Nde4 Ng4+ 32. Kg2 Ne3+ 33. Kh2
Ng4+ 34. Kh3 h5 35. Nxd2 Rh1+ 36. Kg2 Rh2+ 37. Kg1 Rxd2 38. b4 Rc2 39. d4 Rc1+
40. Kg2 Rc2+ 41. Kg1 Rc1+ 42. Kg2 1/2-1/2

[Event "DEN-chT 0607"]
[Site "Denmark"]
[Date "2007.01.13"]
[Round "4.7"]
[White "Andersson, Bjorn"]
[Black "Christensen, Thomas"]
[Result "1-0"]
[WhiteElo "2220"]
[BlackElo "2271"]
[PlyCount "69"]
[EventDate "2006.11.04"]
[EventType "team"]
[EventRounds "9"]
[EventCountry "DEN"]
[Source "ChessBase"]
[SourceDate "2007.02.01"]
[WhiteTeam "Helsinge"]
[BlackTeam "SK 1968"]
[WhiteTeamCountry "DEN"]
[BlackTeamCountry "DEN"]

1. e4 c5 2. Nf3 d6 3. Nc3 Nf6 4. d4 cxd4 5. Nxd4 a6 6. Be2 e5 7. Nb3 Be7 8. O-O
O-O 9. a4 b6 10. f4 Bb7 11. Bf3 Nbd7 12. Be3 Qc7 13. Kh1 Nc5 14. Nxc5 dxc5 15.
f5 Rfd8 16. Qe2 Bc6 17. g4 Qb7 18. Qg2 Ne8 19. g5 g6 20. fxg6 hxg6 21. Rf2 Nd6
22. Raf1 Nc4 23. Bc1 Rd4 24. Re1 Nd6 25. b3 c4 26. Bb2 cxb3 27. cxb3 Rb4 28.
Nd5 Rxb3 29. Bxe5 Nc4 30. Nxe7+ Qxe7 31. Bf6 Qe6 32. Qg3 Rxf3 33. Rxf3 Bxe4 34.
Kg1 Nd2 35. Rfe3 1-0

[Event "DEN-chT 0607"]
[Site "Denmark"]
[Date "2007.01.13"]
[Round "4.8"]
[White "Alkaersig, Ole"]
[Black "Bjorntoft, Peter"]
[Result "1-0"]
[WhiteElo "2194"]
[BlackElo "2139"]
[PlyCount "87"]
[EventDate "2006.11.04"]
[EventType "team"]
[EventRounds "9"]
[EventCountry "DEN"]
[Source "ChessBase"]
[SourceDate "2007.02.01"]
[WhiteTeam "SK 1968"]
[BlackTeam "Helsinge"]
[WhiteTeamCountry "DEN"]
[BlackTeamCountry "DEN"]

1. e4 c5 2. Nc3 Nc6 3. g3 g6 4. Bg2 Bg7 5. d3 d6 6. f4 e6 7. Nf3 Nge7 8. O-O
O-O 9. Be3 Nd4 10. e5 Nef5 11. Bf2 Nxf3+ 12. Qxf3 Nd4 13. Qd1 d5 14. Na4 b6 15.
c3 Nc6 16. a3 Ba6 17. b4 cxb4 18. axb4 f6 19. Nb2 Bb7 20. exf6 Bxf6 21. d4 a5
22. b5 Na7 23. Qe2 Qd7 24. Na4 Bd8 25. Rab1 Rc8 26. Bh3 Re8 27. Rfe1 Kf7 28.
Nc5 bxc5 29. dxc5 d4 30. Bxd4 Qd5 31. c6 Nxc6 32. bxc6 Bxc6 33. Kf2 e5 34. fxe5
Kg8 35. Rf1 Bg5 36. Ke1 Rb8 37. Rxb8 Rxb8 38. e6 a4 39. e7 Rb1+ 40. Kf2 Rxf1+
41. Bxf1 Qf7+ 42. Kg1 Bxe7 43. Qe5 Qd5 44. Qg7# 1-0

[Event "DEN-chT 0607"]
[Site "Denmark"]
[Date "2007.01.13"]
[Round "4.1"]
[White "Ost Hansen, Jacob"]
[Black "Pedersen, Nicolai Vesterbaek"]
[Result "0-1"]
[WhiteElo "2439"]
[BlackElo "2492"]
[PlyCount "70"]
[EventDate "2006.11.04"]
[EventType "team"]
[EventRounds "9"]
[EventCountry "DEN"]
[Source "ChessBase"]
[SourceDate "2007.02.01"]
[WhiteTeam "K41"]
[BlackTeam "Aalborg"]
[WhiteTeamCountry "DEN"]
[BlackTeamCountry "DEN"]

1. g3 d5 2. Nf3 c6 3. Bg2 Bg4 4. b3 Nd7 5. Bb2 Ngf6 6. O-O e6 7. d3 Bd6 8. Nbd2
O-O 9. h3 Bh5 10. e4 e5 11. a3 a5 12. c3 Nc5 13. Qc2 Bc7 14. Rad1 dxe4 15. Nxe4
Nfxe4 16. dxe4 Qf6 17. g4 Bg6 18. Nh2 Rfd8 19. b4 Ne6 20. Bc1 h5 21. Bf3 hxg4
22. hxg4 Nf4 23. Be3 Qe6 24. Rxd8+ Rxd8 25. Rd1 Qc4 26. Rxd8+ Bxd8 27. Nf1 Nd5
28. Bd2 axb4 29. axb4 Nxb4 30. Qb2 Qd3 31. Be3 Nc2 32. Qxb7 Ne1 33. Bh1 Bxe4
34. Ng3 Bxh1 35. Qb8 Qd5 0-1

[Event "DEN-chT 0607"]
[Site "Denmark"]
[Date "2007.01.13"]
[Round "4.2"]
[White "Pedersen, Erik"]
[Black "Lund, Silas"]
[Result "1/2-1/2"]
[WhiteElo "2420"]
[BlackElo "2329"]
[PlyCount "114"]
[EventDate "2006.11.04"]
[EventType "team"]
[EventRounds "9"]
[EventCountry "DEN"]
[Source "ChessBase"]
[SourceDate "2007.02.01"]
[WhiteTeam "Aalborg"]
[BlackTeam "K41"]
[WhiteTeamCountry "DEN"]
[BlackTeamCountry "DEN"]

1. Nf3 Nf6 2. c4 b6 3. g3 Bb7 4. Bg2 e6 5. O-O c5 6. b3 d6 7. e3 Be7 8. Bb2 O-O
9. Nc3 Nbd7 10. d4 d5 11. Ne5 Rc8 12. f4 cxd4 13. exd4 Bb4 14. a3 Bxc3 15. Bxc3
a5 16. f5 exf5 17. Rxf5 Ne4 18. Bxe4 dxe4 19. Ng4 Rc6 20. Ne3 Rg6 21. Qe2 Nf6
22. Raf1 h6 23. d5 Nh7 24. Qh5 Qd6 25. R5f4 Rg5 26. Rxf7 Qc5 27. Rxf8+ Nxf8 28.
Qf7+ Kh7 29. Qf4 Ng6 30. Qxe4 Bxd5 31. Qd4 Qxd4 32. Bxd4 Bc6 33. Rf5 Rxf5 34.
Nxf5 b5 35. Nxg7 a4 36. cxb5 Bxb5 37. bxa4 Bxa4 38. Nf5 Nf8 39. Kf2 Ne6 40. Bb6
Kg6 41. Nd6 Bc6 42. Nc4 Kf5 43. Ne3+ Kg5 44. Nc4 h5 45. Be3+ Kf5 46. Nb6 Ke4
47. a4 Nc7 48. a5 Nd5 49. Nxd5 Kxd5 50. a6 Ke6 51. h4 Kd7 52. g4 hxg4 53. h5
Be4 54. h6 Kc7 55. Ba7 Kc6 56. Ke3 Bb1 57. Bc5 Kc7 1/2-1/2

[Event "DEN-chT 0607"]
[Site "Denmark"]
[Date "2007.01.13"]
[Round "4.3"]
[White "Schmidt, Kristen"]
[Black "Jakobsen, Lars Veno"]
[Result "1-0"]
[WhiteElo "2322"]
[BlackElo "2304"]
[PlyCount "39"]
[EventDate "2006.11.04"]
[EventType "team"]
[EventRounds "9"]
[EventCountry "DEN"]
[Source "ChessBase"]
[SourceDate "2007.02.01"]
[WhiteTeam "K41"]
[BlackTeam "Aalborg"]
[WhiteTeamCountry "DEN"]
[BlackTeamCountry "DEN"]

1. e4 c5 2. Nf3 e6 3. d4 cxd4 4. Nxd4 a6 5. Bd3 Qb6 6. Be3 Bc5 7. c3 Qxb2 8.
Nd2 Qxc3 9. Rc1 Qxd3 10. Rxc5 Nc6 11. Qc1 Nge7 12. Rc3 Qxd4 13. Bxd4 Nxd4 14.
Nc4 O-O 15. Nb6 Rb8 16. Rd3 Nec6 17. Rxd4 Nxd4 18. Qc7 Nc6 19. O-O d5 20. Rc1
1-0

[Event "DEN-chT 0607"]
[Site "Denmark"]
[Date "2007.01.13"]
[Round "4.4"]
[White "Meyer, Lars"]
[Black "Greger, Roland Reinhard"]
[Result "1/2-1/2"]
[WhiteElo "2239"]
[BlackElo "2332"]
[PlyCount "70"]
[EventDate "2006.11.04"]
[EventType "team"]
[EventRounds "9"]
[EventCountry "DEN"]
[Source "ChessBase"]
[SourceDate "2007.02.01"]
[WhiteTeam "Aalborg"]
[BlackTeam "K41"]
[WhiteTeamCountry "DEN"]
[BlackTeamCountry "DEN"]

1. d4 Nf6 2. Nf3 e6 3. c4 b6 4. g3 Bb7 5. Bg2 Be7 6. O-O O-O 7. Nc3 Ne4 8. Nxe4
Bxe4 9. d5 Bf6 10. Ne1 Bxg2 11. Nxg2 Re8 12. Rb1 a5 13. Be3 d6 14. Qc2 Nd7 15.
b3 Ne5 16. Rfd1 Qe7 17. h3 Nd7 18. a3 Bg5 19. b4 axb4 20. axb4 Bxe3 21. Nxe3
Qf6 22. Ng4 Qg5 23. Ra1 Nf6 24. Rxa8 Rxa8 25. Nxf6+ Qxf6 26. e4 Qf3 27. c5 bxc5
28. bxc5 exd5 29. cxd6 cxd6 30. exd5 f5 31. Kh2 f4 32. Rd2 Rf8 33. g4 Qa3 34.
Qe4 h6 35. Qe6+ Kh7 1/2-1/2

[Event "DEN-chT 0607"]
[Site "Denmark"]
[Date "2007.01.13"]
[Round "4.5"]
[White "Larsen, Karsten"]
[Black "Hellegaard, Carsten"]
[Result "1-0"]
[WhiteElo "2294"]
[BlackElo "2230"]
[PlyCount "71"]
[EventDate "2006.11.04"]
[EventType "team"]
[EventRounds "9"]
[EventCountry "DEN"]
[Source "ChessBase"]
[SourceDate "2007.02.01"]
[WhiteTeam "K41"]
[BlackTeam "Aalborg"]
[WhiteTeamCountry "DEN"]
[BlackTeamCountry "DEN"]

1. Nf3 Nf6 2. g3 b5 3. Bg2 Bb7 4. O-O e6 5. b3 c5 6. Bb2 Be7 7. a4 b4 8. d3 d5
9. e4 Qc7 10. e5 Nfd7 11. Nbd2 Nc6 12. Re1 O-O 13. h4 Rfd8 14. Qe2 Rac8 15.
Rad1 Na5 16. Nf1 c4 17. bxc4 dxc4 18. d4 Nb6 19. Bc1 Nxa4 20. Ng5 Nc3 21. Qh5
Bxg5 22. Bxg5 Nxd1 23. Rxd1 Bxg2 24. Kxg2 Qb7+ 25. f3 Nc6 26. Qg4 Kf8 27. Qe4
h6 28. Bxd8 Rxd8 29. Ne3 Qb5 30. d5 exd5 31. Nxd5 Qc5 32. e6 fxe6 33. Nf4 Nd4
34. Rxd4 Rxd4 35. Nxe6+ Ke7 36. Nxd4+ 1-0

[Event "DEN-chT 0607"]
[Site "Denmark"]
[Date "2007.01.13"]
[Round "4.6"]
[White "Nielsen, Steffen"]
[Black "Olesen, Martin"]
[Result "0-1"]
[WhiteElo "2218"]
[BlackElo "2272"]
[PlyCount "62"]
[EventDate "2006.11.04"]
[EventType "team"]
[EventRounds "9"]
[EventCountry "DEN"]
[Source "ChessBase"]
[SourceDate "2007.02.01"]
[WhiteTeam "Aalborg"]
[BlackTeam "K41"]
[WhiteTeamCountry "DEN"]
[BlackTeamCountry "DEN"]

1. e4 c5 2. Nf3 d6 3. d4 Nf6 4. Nc3 cxd4 5. Nxd4 g6 6. Be2 Bg7 7. h4 h5 8. Bg5
Nc6 9. Nb3 a5 10. a4 Be6 11. Qd2 Rc8 12. f3 O-O 13. Bh6 Bxb3 14. Bxg7 Kxg7 15.
cxb3 Qb6 16. g4 hxg4 17. fxg4 Ne5 18. g5 Nfg4 19. Bxg4 Nxg4 20. Nd5 Qxb3 21.
Ra3 Qc4 22. Qc3+ Ne5 23. Qxc4 Rxc4 24. O-O Rxe4 25. Rb3 Rxh4 26. Rxb7 Rfh8 27.
Rxe7 Rg4+ 28. Kf2 Rh2+ 29. Ke3 Rh3+ 30. Ke2 Re4+ 31. Kf2 Rf3+ 0-1

[Event "DEN-chT 0607"]
[Site "Denmark"]
[Date "2007.01.13"]
[Round "4.7"]
[White "Semcesen, Daniel"]
[Black "Nielsen, Jorgen G"]
[Result "1-0"]
[WhiteElo "2286"]
[BlackElo "2186"]
[PlyCount "69"]
[EventDate "2006.11.04"]
[EventType "team"]
[EventRounds "9"]
[EventCountry "DEN"]
[Source "ChessBase"]
[SourceDate "2007.02.01"]
[WhiteTeam "K41"]
[BlackTeam "Aalborg"]
[WhiteTeamCountry "DEN"]
[BlackTeamCountry "DEN"]

1. d4 Nf6 2. Nf3 e6 3. c4 b6 4. Nc3 Bb4 5. Qb3 c5 6. a3 Bxc3+ 7. Qxc3 Bb7 8.
Bf4 cxd4 9. Nxd4 Ne4 10. Qd3 Qf6 11. Be3 O-O 12. f3 Nc5 13. Qc2 d5 14. cxd5
Bxd5 15. Bf2 e5 16. Nb5 Nba6 17. b4 Ne6 18. e4 Rfc8 19. Qb2 Bc4 20. Bxc4 Rxc4
21. O-O Nf4 22. Rfd1 h5 23. Be3 Rac8 24. Rd2 Ra8 25. Rad1 Nc7 26. Nd6 Rc6 27.
b5 Rc5 28. Bxc5 bxc5 29. Nc4 Ng6 30. Rd6 Qg5 31. Qd2 Qxd2 32. R1xd2 Nxb5 33.
Rd8+ Rxd8 34. Rxd8+ Kh7 35. Rd5 1-0

[Event "DEN-chT 0607"]
[Site "Denmark"]
[Date "2007.01.13"]
[Round "4.8"]
[White "Hjorth, Torben"]
[Black "Naes, Flovin Tor"]
[Result "1/2-1/2"]
[WhiteElo "2158"]
[BlackElo "2227"]
[PlyCount "110"]
[EventDate "2006.11.04"]
[EventType "team"]
[EventRounds "9"]
[EventCountry "DEN"]
[Source "ChessBase"]
[SourceDate "2007.02.01"]
[WhiteTeam "Aalborg"]
[BlackTeam "K41"]
[WhiteTeamCountry "DEN"]
[BlackTeamCountry "DEN"]

1. e4 e5 2. Nf3 Nc6 3. Bb5 Nf6 4. d3 d6 5. c3 a6 6. Ba4 b5 7. Bc2 Be7 8. O-O
O-O 9. Re1 Bg4 10. Nbd2 Nb8 11. Nf1 c5 12. h3 Bh5 13. Ng3 Bg6 14. Nh4 Re8 15.
Nhf5 Bf8 16. Qf3 Qc7 17. Bg5 Nfd7 18. h4 f6 19. Bd2 Bf7 20. h5 Nc6 21. Qg4 Kh8
22. Nh4 Ne7 23. Ngf5 Nxf5 24. exf5 h6 25. Re3 Nb6 26. Rg3 Ra7 27. Re1 d5 28.
Ng6+ Bxg6 29. hxg6 Kg8 30. Qh5 Qd7 31. Bb3 c4 32. Bc2 Nc8 33. dxc4 bxc4 34. b3
Nd6 35. bxc4 Nxc4 36. Bc1 Rc8 37. Rd1 Qc6 38. Bb3 Rd7 39. Qe2 Na5 40. Rgd3 Nxb3
41. axb3 a5 42. Qa2 e4 43. Rh3 Qb5 44. Ba3 Bxa3 45. Qxa3 Qe2 46. Rf1 Qg4 47.
Qxa5 Qxf5 48. Rg3 h5 49. Rd1 Rcd8 50. Rd4 h4 51. Rh3 Qg5 52. c4 Qc1+ 53. Kh2
Qf4+ 54. Kg1 Qc1+ 55. Kh2 Qf4+ 1/2-1/2

[Event "DEN-chT 0607"]
[Site "Denmark"]
[Date "2007.01.13"]
[Round "4.1"]
[White "Glud, Jakob Vang"]
[Black "Rasmussen, Casper Dahl"]
[Result "1-0"]
[WhiteElo "2429"]
[BlackElo "2357"]
[PlyCount "59"]
[EventDate "2006.11.04"]
[EventType "team"]
[EventRounds "9"]
[EventCountry "DEN"]
[Source "ChessBase"]
[SourceDate "2007.02.01"]
[WhiteTeam "Jetsmark"]
[BlackTeam "Skolerne"]
[WhiteTeamCountry "DEN"]
[BlackTeamCountry "DEN"]

1. c4 e5 2. g3 Nf6 3. Bg2 c6 4. d4 exd4 5. Qxd4 Na6 6. Nf3 Bc5 7. Qe5+ Qe7 8.
O-O O-O 9. Nc3 Qxe5 10. Nxe5 Re8 11. Nd3 Bd4 12. Bd2 d5 13. cxd5 Bxc3 14. Bxc3
Nxd5 15. Bxd5 cxd5 16. Nf4 Bd7 17. Rfd1 Bc6 18. Rac1 Rad8 19. Bd4 g5 20. Nd3
Rxe2 21. Bf6 Rd7 22. Bxg5 d4 23. Kf1 Bf3 24. Bf6 Re8 25. Re1 Ra8 26. Ne5 Rd5
27. Nxf3 Rf5 28. Bxd4 Rxf3 29. Re7 b6 30. Rxa7 1-0

[Event "DEN-chT 0607"]
[Site "Denmark"]
[Date "2007.01.13"]
[Round "4.2"]
[White "Rasmussen, Karsten"]
[Black "Rasmussen, Allan Stig"]
[Result "1-0"]
[WhiteElo "2463"]
[BlackElo "2398"]
[PlyCount "73"]
[EventDate "2006.11.04"]
[EventType "team"]
[EventRounds "9"]
[EventCountry "DEN"]
[Source "ChessBase"]
[SourceDate "2007.02.01"]
[WhiteTeam "Skolerne"]
[BlackTeam "Jetsmark"]
[WhiteTeamCountry "DEN"]
[BlackTeamCountry "DEN"]

1. e4 c6 2. Nf3 d5 3. Nc3 dxe4 4. Nxe4 Nd7 5. Bc4 Ngf6 6. Neg5 Nd5 7. d4 h6 8.
Ne4 e6 9. O-O Be7 10. Re1 b5 11. Bf1 Bb7 12. c3 a6 13. b3 c5 14. c4 bxc4 15.
bxc4 N5f6 16. d5 Nxe4 17. Rxe4 O-O 18. Rb1 Ra7 19. Re1 exd5 20. cxd5 Nf6 21.
Qa4 Bxd5 22. Ne5 Qc7 23. Bd2 Rb7 24. Rbd1 Ra8 25. Ba5 Qc8 26. Nc4 Qc6 27. Qc2
Be4 28. Qe2 Re8 29. Bc3 Rbb8 30. Bxf6 Bxf6 31. Nd6 Rb2 32. Qc4 Re6 33. Rxe4
Rxd6 34. Rxd6 Qxd6 35. Re8+ Kh7 36. Bd3+ g6 37. Qxf7+ 1-0

[Event "DEN-chT 0607"]
[Site "Denmark"]
[Date "2007.01.13"]
[Round "4.3"]
[White "Fries Nielsen, Jens Ove"]
[Black "Sorensen, Jan"]
[Result "1-0"]
[WhiteElo "2405"]
[BlackElo "2416"]
[PlyCount "61"]
[EventDate "2006.11.04"]
[EventType "team"]
[EventRounds "9"]
[EventCountry "DEN"]
[Source "ChessBase"]
[SourceDate "2007.02.01"]
[WhiteTeam "Jetsmark"]
[BlackTeam "Skolerne"]
[WhiteTeamCountry "DEN"]
[BlackTeamCountry "DEN"]

1. d4 Nf6 2. Bg5 d5 3. e3 Ne4 4. Bf4 e6 5. f3 Nf6 6. Nc3 Be7 7. g4 O-O 8. Nge2
c5 9. g5 Ne8 10. h4 Nc6 11. Qd2 b6 12. Ng3 Bb7 13. Bh3 Ba6 14. Nce2 Rc8 15. c3
b5 16. dxc5 Bxc5 17. b4 Bd6 18. Nh5 Bb7 19. Bxd6 Qxd6 20. Nhf4 Ne5 21. Nd4 Qb6
22. O-O Rd8 23. Qf2 Nd6 24. h5 g6 25. hxg6 hxg6 26. Qh4 Nec4 27. Qh6 e5 28.
Nxg6 fxg6 29. Qxg6+ Kh8 30. Qh6+ Kg8 31. g6 1-0

[Event "DEN-chT 0607"]
[Site "Denmark"]
[Date "2007.01.13"]
[Round "4.4"]
[White "Vinther Schou, Uffe"]
[Black "Christensen, Stefan"]
[Result "1-0"]
[WhiteElo "2380"]
[BlackElo "2272"]
[PlyCount "80"]
[EventDate "2006.11.04"]
[EventType "team"]
[EventRounds "9"]
[EventCountry "DEN"]
[Source "ChessBase"]
[SourceDate "2007.02.01"]
[WhiteTeam "Skolerne"]
[BlackTeam "Jetsmark"]
[WhiteTeamCountry "DEN"]
[BlackTeamCountry "DEN"]

1. c4 e5 2. Nc3 Nf6 3. Nf3 Nc6 4. a3 d5 5. cxd5 Nxd5 6. d3 Be7 7. e3 Be6 8. Be2
O-O 9. O-O a5 10. Qc2 f5 11. Re1 Kh8 12. Rb1 Bd6 13. Bd2 e4 14. dxe4 Nxc3 15.
Bxc3 fxe4 16. Qxe4 Bf5 17. Qa4 Bxb1 18. Rxb1 Qe7 19. Qb5 Rab8 20. Bd3 Rf6 21.
Qh5 h6 22. Bxf6 Qxf6 23. Be4 Ne5 24. Nh4 c6 25. Rd1 Kg8 26. Nf5 Bf8 27. Qe2 Rd8
28. Rxd8 Qxd8 29. f4 Nf7 30. Bc2 Nd6 31. Qd3 Qf6 32. Nd4 b5 33. Nxc6 Nc4 34.
Nd8 Bc5 35. Qd5+ Kh8 36. Nf7+ Kg8 37. Nxh6+ Kf8 38. Qxc5+ Ke8 39. Qc8+ Ke7 40.
Nf5+ Kf7 1-0

[Event "DEN-chT 0607"]
[Site "Denmark"]
[Date "2007.01.13"]
[Round "4.5"]
[White "Jensen, Bjarke"]
[Black "Christensen, Tobias"]
[Result "1-0"]
[WhiteElo "2257"]
[BlackElo "2330"]
[PlyCount "103"]
[EventDate "2006.11.04"]
[EventType "team"]
[EventRounds "9"]
[EventCountry "DEN"]
[Source "ChessBase"]
[SourceDate "2007.02.01"]
[WhiteTeam "Jetsmark"]
[BlackTeam "Skolerne"]
[WhiteTeamCountry "DEN"]
[BlackTeamCountry "DEN"]

1. e4 e5 2. Nf3 Nc6 3. d4 exd4 4. Nxd4 Nge7 5. Bc4 d6 6. Bg5 Nxd4 7. Qxd4 Be6
8. Bxe6 fxe6 9. f4 h6 10. Bxe7 Qxe7 11. Nc3 e5 12. Qc4 c6 13. O-O exf4 14. Rxf4
g5 15. Rf5 Bg7 16. Raf1 Rf8 17. Rxf8+ Bxf8 18. Qg8 O-O-O 19. Rf7 Qe8 20. h3 d5
21. Qh7 Bc5+ 22. Kh1 Qe5 23. Qf5+ Qxf5 24. exf5 Re8 25. g4 Re1+ 26. Kg2 Rc1 27.
Na4 Rxc2+ 28. Kf3 Bd4 29. b4 Rf2+ 30. Kg3 Rxa2 31. Nc5 Bxc5 32. bxc5 Ra3+ 33.
Kg2 Ra2+ 34. Kf3 Ra3+ 35. Kg2 b5 36. Rh7 Ra2+ 37. Kf3 Ra3+ 38. Kg2 Kd8 39. Rxh6
Ra2+ 40. Kg3 Ra3+ 41. Kg2 Kd7 42. Rd6+ Kc7 43. Rg6 Ra2+ 44. Kf3 Ra3+ 45. Ke2
Rxh3 46. Rxg5 a5 47. f6 Kd7 48. Re5 a4 49. g5 a3 50. g6 Rh2+ 51. Kf3 Rh1 52. g7
1-0